书目信息 |
| 题名: |
博物学家的传世珍宝
|
|
| 作者: | ;常箴 , 王梅 , 丁巧玲 译 ;伦敦自然博物馆 编著 | |
| 分册: | ||
| 出版信息: | 北京 化学工业出版社 2017 |
|
| 页数: | 255页 | |
| 开本: | 26cm | |
| 丛书名: | ||
| 单 册: | ||
| 中图分类: | N285.61 | |
| 科图分类: | ||
| 主题词: | 自然历史博物馆--Zi Ran Li Shi Bo Wu Guan--陈列品--伦敦 | |
| 电子资源: | ||
| ISBN: | 978-7-122-29643-6 | |
| 000 | 01037nam0 22002891 450 | |
| 001 | 0106100814 | |
| 005 | 20171206100929.0 | |
| 010 | @a978-7-122-29643-6@b@dCNY98.00 | |
| 100 | @a20171205d2017 em y0chiy50 ea | |
| 101 | 1 | @achi@ceng |
| 102 | @aCN@b110000 | |
| 105 | @aab z 001yy | |
| 106 | @ar | |
| 200 | 1 | @a博物学家的传世珍宝@ABo Wu Xue Jia De Chuan Shi Zhen Bao@e来自伦敦自然博物馆的自然藏品集@f伦敦自然博物馆编著@g常箴,王梅,丁巧玲等译 |
| 210 | @a北京@c化学工业出版社@d2017 | |
| 215 | @a255页@c图,地图@d26cm | |
| 330 | @a本书介绍了伦敦自然博物馆的图书、植物、动物、古生物、矿物等各类藏品两百多件。 | |
| 510 | 1 | @aTreasures of the natural history museum@zeng |
| 606 | 0 | @a自然历史博物馆@AZi Ran Li Shi Bo Wu Guan@x陈列品@y伦敦 |
| 690 | @aN285.61@v5 | |
| 702 | 0 | @a常箴@AChang Zhen@4译 |
| 702 | 0 | @a王梅@AWang Mei@4译 |
| 702 | 0 | @a丁巧玲@ADing Qiao Ling@4译 |
| 711 | 02 | @a伦敦自然博物馆@ALun Dun Zi Ran Bo Wu Guan@4编著 |
| 801 | 0 | @aCN@b辽批@c20171205@g |
| 905 | @aBZT@dN285.61@e1 | |
| 906 | @dCNY98.00@n3@r1 | |
| 博物学家的传世珍宝:来自伦敦自然博物馆的自然藏品集/伦敦自然博物馆编著/常箴,王梅,丁巧玲等译.-北京:化学工业出版社,2017 |
| 255页:图,地图;26cm |
| ISBN 978-7-122-29643-6:CNY98.00 |
| 本书介绍了伦敦自然博物馆的图书、植物、动物、古生物、矿物等各类藏品两百多件。 |
| ● |
| 相关链接 |
|
|
|
正题名:博物学家的传世珍宝
索取号:N285.61/1
 
预约/预借
| 序号 | 登录号 | 条形码 | 馆藏地/架位号 | 状态 | 备注 |
| 1 | 859328 | 2000859328 | 第二书库/ [索取号:N285.61/1] | 在馆 | |
| 2 | 859329 | 2000859329 | 第二书库/ [索取号:N285.61/1] | 在馆 | |
| 3 | 859330 | 2000859330 | 第二书库/ [索取号:N285.61/1] | 在馆 |